000 00872nam a2200337Ia 4500
008 210210b2010 xxu||||| |||| 00| 0 eng d
020 _a9788184046724
041 _aeng
082 _a005.276 SIEA
100 _aSIEMER (Andrew)
245 _aASP.NET 3.5: social networking
_bExpert guide to building enterprise ready social networking and community applications with ASP.NET 3.5
260 _aMumbai
_bShroff Publishers & Distributors Pvt Ltd.
_c2010
300 _ax,556
650 _awith
650 _ato
650 _asocial
650 _aready
650 _anetworking
650 _aguide
650 _aExpert
650 _aenterprise
650 _acommunity
650 _abuilding
650 _aASP.NET
650 _aapplications
650 _aand
650 _a3.5:
650 _a3.5
690 _aComputer Networks
906 _a066078
999 _c147539
_d147539